<?xml version='1.0' encoding='UTF-8'?><?xml-stylesheet href='static/style.xsl' type='text/xsl'?><OAI-PMH xmlns="http://www.openarchives.org/OAI/2.0/" xmlns:xsi="http://www.w3.org/2001/XMLSchema-instance" xsi:schemaLocation="http://www.openarchives.org/OAI/2.0/ http://www.openarchives.org/OAI/2.0/OAI-PMH.xsd"><responseDate>2026-04-30T17:36:05Z</responseDate><request verb="GetRecord" identifier="oai:ebiltegia.mondragon.edu:20.500.11984/5399" metadataPrefix="marc">https://ebiltegia.mondragon.edu/oai/request</request><GetRecord><record><header><identifier>oai:ebiltegia.mondragon.edu:20.500.11984/5399</identifier><datestamp>2026-04-01T07:46:24Z</datestamp><setSpec>com_20.500.11984_1143</setSpec><setSpec>col_20.500.11984_1148</setSpec></header><metadata><record xmlns="http://www.loc.gov/MARC21/slim" xmlns:dcterms="http://purl.org/dc/terms/" xmlns:xsi="http://www.w3.org/2001/XMLSchema-instance" xmlns:doc="http://www.lyncode.com/xoai" xsi:schemaLocation="http://www.loc.gov/MARC21/slim http://www.loc.gov/standards/marcxml/schema/MARC21slim.xsd">
   <leader>00925njm 22002777a 4500</leader>
   <datafield ind2=" " ind1=" " tag="042">
      <subfield code="a">dc</subfield>
   </datafield>
   <datafield ind2=" " ind1=" " tag="720">
      <subfield code="a">Apaolaza, Unai</subfield>
      <subfield code="e">author</subfield>
   </datafield>
   <datafield ind2=" " ind1=" " tag="720">
      <subfield code="a">Lizarralde, Aitor</subfield>
      <subfield code="e">author</subfield>
   </datafield>
   <datafield ind2=" " ind1=" " tag="720">
      <subfield code="a">Soto-Gordoa, Myriam</subfield>
      <subfield code="e">author</subfield>
   </datafield>
   <datafield ind2=" " ind1=" " tag="720">
      <subfield code="a">Kortabarria, Alaitz</subfield>
      <subfield code="e">author</subfield>
   </datafield>
   <datafield ind2=" " ind1=" " tag="260">
      <subfield code="c">2021</subfield>
   </datafield>
   <datafield ind2=" " ind1=" " tag="520">
      <subfield code="a">Agile project management methods have played a prominent role in recent years. Certain aspects as adaptability or orientation toward action characterize agile methods, making them especially interesting in high uncertainty and unpredictability contexts. Thus, some agile methods have transcended the software development context thereby reaching a remarkable expansion in various industries. It is the case of Scrum, which also requires the participants' know-how. In the case of people without a professional background, the starting point is different. Besides, learning agile methods is aimed at application, which requires practice. Lack of experience and fictitious application context hinder this purpose. Consequently, the learning process must overcome these obstacles. This study addresses the abovementioned problem when it comes to learning Scrum through the Project Based Learning approach. Eight teams of students competed to develop the best solution through a project to be managed with Scrum. As a result, we reached interesting findings and conclusions that we believe may be applicable in other methods beyond Scrum.</subfield>
   </datafield>
   <datafield ind2=" " ind1=" " tag="520">
      <subfield code="a">Los métodos ágiles de gestión de proyectos han jugado un papel destacado en los últimos años. Caracterizados por aspectos como la adaptabilidad o la orientación a la acción, son especialmente interesantes en contextos de alta incertidumbre e imprevisibilidad. Así, algunos métodos ágiles han trascendido el contexto original de desarrollo de software, alcanzando una&#xd;
notable expansión. Es el caso de Scrum, requiere además conocimientos por parte de de los participantes. En el caso de personas sin experiencia, el punto de partida es diferente. Además, el aprendizaje de métodos ágiles tiene como objetivo la aplicabilidad, lo que requiere práctica. La falta de experiencia y la el uso de un contexto de aplicación ficticio dificultan este propósito. En consecuencia, el proceso de aprendizaje debe superar estos obstáculos. Este estudio aborda esta problemática para el caso de Scrum, basándose en un enfoque de aprendizaje basado en proyectos. Ocho equipos de estudiantes compitieron para desarrollar la mejor solución mediante un proyecto gestionado con Scrum. Este trabajo ha dado lugar a hallazgos conclusiones de interés que, además, consideramos que pueden ser aplicables en otros métodos, más allá de Scrum.</subfield>
   </datafield>
   <datafield ind1="8" ind2=" " tag="024">
      <subfield code="a">978-84-09-34228-0</subfield>
   </datafield>
   <datafield ind1="8" ind2=" " tag="024">
      <subfield code="a">2695-5067</subfield>
   </datafield>
   <datafield ind1="8" ind2=" " tag="024">
      <subfield code="a">https://katalogoa.mondragon.edu/janium-bin/janium_login_opac.pl?find&amp;ficha_no=165081</subfield>
   </datafield>
   <datafield ind1="8" ind2=" " tag="024">
      <subfield code="a">https://hdl.handle.net/20.500.11984/5399</subfield>
   </datafield>
   <datafield tag="653" ind2=" " ind1=" ">
      <subfield code="a">project management</subfield>
   </datafield>
   <datafield tag="653" ind2=" " ind1=" ">
      <subfield code="a">Scrum</subfield>
   </datafield>
   <datafield tag="653" ind2=" " ind1=" ">
      <subfield code="a">POPBL</subfield>
   </datafield>
   <datafield tag="653" ind2=" " ind1=" ">
      <subfield code="a">Agile</subfield>
   </datafield>
   <datafield tag="653" ind2=" " ind1=" ">
      <subfield code="a">PBL</subfield>
   </datafield>
   <datafield tag="653" ind2=" " ind1=" ">
      <subfield code="a">Ágil</subfield>
   </datafield>
   <datafield tag="653" ind2=" " ind1=" ">
      <subfield code="a">gestión de proyectos</subfield>
   </datafield>
   <datafield ind2="0" ind1="0" tag="245">
      <subfield code="a">Aprendiendo Scrum: una experiencia basada en POPBL</subfield>
   </datafield>
   <datafield ind2="0" ind1="0" tag="245">
      <subfield code="a">Learnig SCRUM: a POPBL-based experience</subfield>
   </datafield>
</record></metadata></record></GetRecord></OAI-PMH>